ORGANIC CHEMISTRY (Record no. 22425)

MARC details
000 -LEADER
fixed length control field 00302nam a22001457a 4500
003 - CONTROL NUMBER IDENTIFIER
control field SGT
020 ## - INTERNATIONAL STANDARD BOOK NUMBER
International Standard Book Number 0-19-872871-9
082 ## - DEWEY DECIMAL CLASSIFICATION NUMBER
Classification number 547
Item number CLA
100 ## - MAIN ENTRY--PERSONAL NAME
Personal name CLAYDEN, JONATHAN
245 ## - TITLE STATEMENT
Title ORGANIC CHEMISTRY
250 ## - EDITION STATEMENT
Edition statement 2ND
260 ## - PUBLICATION, DISTRIBUTION, ETC. (IMPRINT)
Place of publication, distribution, etc INDIA
Name of publisher, distributor, etc OXFORD
Year of Publication 2021
300 ## - PAGE DESCRIPTION
No. of Pages 1231
942 ## - ADDED ENTRY ELEMENTS (KOHA)
Source of classification or shelving scheme Dewey Decimal Classification
Koha item type Books
942 ## - ADDED ENTRY ELEMENTS (KOHA)
-- 37
Holdings
Withdrawn status Lost status Source of classification or shelving scheme Damaged status Not for loan Collection code Home library Current library Shelving location Date acquired Vendor Name Cost, normal purchase price SGTU Bill Number Total Checkouts Full call number Accession No. (Barcode) Date last seen Date last borrowed Bill Date Koha item type
    Dewey Decimal Classification     SCIENCE SGT Science & Social Sciences Library SGT Science & Social Sciences Library Text Book 05/03/2022 ABC 2428.00 SGTU 13842 8 547 CLA PS6646 28/04/2025 25/04/2025   Books
    Dewey Decimal Classification     SCIENCE SGT Science & Social Sciences Library SGT Science & Social Sciences Library Text Book 05/03/2022 ABC 2428.00 SGTU 13842 10 547 CLA PS6647 12/06/2025 09/06/2025   Books
    Dewey Decimal Classification     SCIENCE SGT Science & Social Sciences Library SGT Science & Social Sciences Library Text Book 05/03/2022 ABC 2428.00 SGTU 13842 4 547 CLA PS6648 27/10/2025 19/09/2025   Books
    Dewey Decimal Classification     SCIENCE SGT Science & Social Sciences Library SGT Science & Social Sciences Library Text Book 05/03/2022 ABC 2428.00 SGTU 13842 10 547 CLA PS6649 18/01/2024 02/01/2024   Books
    Dewey Decimal Classification     SCIENCE SGT Science & Social Sciences Library SGT Science & Social Sciences Library Text Book 05/03/2022 ABC 2428.00 SGTU 13842 8 547 CLA PS6650 14/08/2024 23/07/2024   Books